Raphael : Panel Paintings /

Rafael Sanzio (1483-1520), pintor y arquitecto italiano una de las grandes personalidades del Renacimiento. Aunque se formó inicialmente con su propio padre, las influencias importantes las recibió de Perugino -en la etapa temprana de Rafael- y, posteriormente de Leonardo y Miguel Angel. En su obra...

Täydet tiedot

Tallennettuna:
Bibliografiset tiedot
Päätekijä: Sanzio, Raffaello (pintor)
Muut tekijät: Pittaluga, Mary (texto) (texto)
Aineistotyyppi: Kirja
Kieli:englanti
Julkaistu: Nueva York, EUA : Harry N. Abrams, 1954, c1954
Sarja:(The Library of Great Painters)
Aiheet:
Tagit: Lisää tagi
Ei tageja, Lisää ensimmäinen tagi!

MARC

LEADER 00000nam^a2200000^a^4500
001 000186716
005 20250526000000.0
009 20260310102236.736
037 |a Acervo ITESO - Biblioteca 
041 |a ING 
082 |a 759. 5  |b SAN PIT 
100 |a Sanzio, Raffaello  |e (pintor) 
245 1 0 |a Raphael :  |b Panel Paintings /  |c R. Sanzio ; texto de M. Pittaluga. 
264 4 |a Nueva York, EUA :  |b Harry N. Abrams,  |c 1954, c1954 
300 |a 24 p., 36 láminas ;  |c 37.5 cm. 
336 |a texto  |b txt  |2 rdacontenido 
337 |a sin mediación  |b n  |2 rdamedio 
338 |a volumen  |b nc  |2 rdasoporte 
440 5 |a (The Library of Great Painters) 
520 |a Rafael Sanzio (1483-1520), pintor y arquitecto italiano una de las grandes personalidades del Renacimiento. Aunque se formó inicialmente con su propio padre, las influencias importantes las recibió de Perugino -en la etapa temprana de Rafael- y, posteriormente de Leonardo y Miguel Angel. En su obra es patente el humanismo característico de la época, de manera que en sus pinturas las figuras de la liturgia cristiana aparecen plenamente humanizadas. La crítica destaca en Rafael la maestría en el colorido y el equilibrio de la composición. Autor de madonas que son calificadas entre las más hermosas del arte universal, en 1508 es llamado por el Papa Julio II para decorar las estancias vaticanas. Ahí pintó en la Sala de la Signatura, La disputa del Sacramento, La Escuela de Atenas y El parnaso; La Sala de Helidoro contiene Heliodoro expulsado del templo, La misa de Bolsena, El encuentro de San León y Atila y La libertad de San Pedro; en otra de las estancias pintó El incendio de Borgo; realizó además el diseño de varios tapices vaticanos. También en Roma se encargó de la decoración de Villa Farnesina. San Sebastián, Las bodas de la Virgen, El Santo Entierro, la Madona del Gran Duque, la Virgen de Orléans, la Bella Jardinera, la Madona de Terranova, La Sagrada Familia, la Virgen de la Silla, Santa Cecilia, son otras de sus maravillosas obras. 
649 |a XX 
650 |a Pintores Italianos 
650 |a Artistas Italianos 
650 |a Pintura Religiosa -  |x Historia y Crítica 
650 |a Pintura Renacentista -  |x Historia y Crítica 
650 |a Pintura Italiana -  |x Historia y Crítica -  |x Tema Principal 
650 |a Arte Religioso -  |x Historia y Crítica 
650 |a Arte Renacentista -  |x Historia y Crítica 
650 |a Arte Italiano -  |x Historia y Crítica 
650 |a Sanzio, Raffaello -  |x Tema Principal 
700 |a Pittaluga, Mary  |e (texto) 
910 |a Fondo Julio de la Peña Lomelín 
920 |a Impresos - Libros 
930 |a Libros Antiguos y Raros 
940 |a Arquitectos Jaliscienses 
905 |a 108 
901 |a 0500128539  |b IT2  |c LRA  |u 20250526 
901 |a 0500128621  |b IT2  |c LRA  |u 20250526 
902 |a https://opac.biblio.iteso.mx/vufind/Record/000186716